00318nam a22001337a 4500003000400000005001700004008004100021040000700062082001600069100002400085245004100109260002600150300000800176OSt20211015143732.0211015b |||||||| |||| 00| 0 eng d chu 22nda301.15 ahenry clay lindgren aAN INTRODUCTION TO SOCIOL PSYCHOLOGY aNEW DELHIbHALLc1969 a497